All 2020 ATP Tournament Finals - Statistics

General Stats
  • This quiz has been taken 135 times
    83 since last reset
  • The average score is 37 of 64
Answer Stats
Tournament Category Finalists % Correct
Australian Open Grand Slam W Novak Djokovic
99%
F Novak Djokovic
99%
Rome Masters 1000 W Novak Djokovic
99%
Cincinnati Masters 1000 W Novak Djokovic
99%
Dubai ATP 500 W Novak Djokovic
99%
Roland Garros Grand Slam W Rafael Nadal
97%
Acapulco ATP 500 W Rafael Nadal
97%
F Dominic Thiem
94%
US Open Grand Slam W Dominic Thiem
94%
F Dominic Thiem
94%
F Alexander Zverev
93%
F Alexander Zverev
93%
Cologne 1 ATP 250 W Alexander Zverev
93%
Cologne 2 ATP 250 W Alexander Zverev
93%
F Stefanos Tsitsipas
90%
F Stefanos Tsitsipas
90%
Marseille ATP 250 W Stefanos Tsitsipas
90%
Hamburg ATP 500 W Andrey Rublev
89%
St. Petersburg ATP 500 W Andrey Rublev
89%
Vienna ATP 500 W Andrey Rublev
89%
Doha ATP 250 W Andrey Rublev
89%
Adelaide ATP 250 W Andrey Rublev
89%
Paris Masters 1000 W Daniil Medvedev
89%
London ATP Finals W Daniil Medvedev
89%
Sofia ATP 250 W Jannik Sinner
88%
F Taylor Fritz
71%
Rotterdam ATP 500 W Gaël Monfils
67%
Montpellier ATP 250 W Gaël Monfils
67%
F Diego Schwartzman
65%
F Diego Schwartzman
65%
F Diego Schwartzman
65%
F Félix Auger-Aliassime
64%
F Félix Auger-Aliassime
64%
F Félix Auger-Aliassime
64%
Buenos Aires ATP 250 W Casper Ruud
60%
F Casper Ruud
60%
F Alex de Minaur
58%
F Milos Raonic
51%
Auckland ATP 250 W Ugo Humbert
44%
Antwerp ATP 250 W Ugo Humbert
44%
F Borna Ćorić
39%
F Lorenzo Sonego
38%
Delray Beach ATP 250 W Reilly Opelka
36%
Rio de Janeiro ATP 500 W Cristian Garín
35%
Córdoba ATP 250 W Cristian Garín
35%
Sardinia ATP 250 W Laslo Djere
31%
F Adrian Mannarino
28%
F Benoît Paire
26%
Kitzbühel ATP 250 W Miomir Kecmanović
26%
F Corentin Moutet
24%
F Vasek Pospisil
22%
F Vasek Pospisil
22%
New York ATP 250 W Kyle Edmund
19%
F Yoshihito Nishioka
17%
F Lloyd Harris
15%
F Marco Cecchinato
15%
F Gianluca Mager
14%
Pune ATP 250 W Jiří Veselý
11%
Nur-Sultan ATP 250 W John Millman
11%
F Pedro Sousa
11%
F Andreas Seppi
10%
Santiago ATP 250 W Thiago Seyboth Wild
10%
F Yannick Hanfmann
7%
F Egor Gerasimov
4%
No matching quizzes found
Score Distribution
Percent of People with Each Score
Percentile by Number Answered
Your Score History
You have not taken this quiz since the last reset